00382pab a2200133 454500008004000000100002100040245006400061260000900125300001400134362001100148650001800159650002500177773004600202180718b2008 xxu||||| |||| 00| 0 eng d aEliwood, John W. aChallenges to public policy and public management education c2008 ap.172-86. aWinter aPublic policy aManagement education aJournal of Policy Analysis and Management